| 000 | 00473nam a2200181Ia 4500 | ||
|---|---|---|---|
| 005 | 20250423095931.0 | ||
| 008 | 250422s9999 xx 000 0 und d | ||
| 020 | _a0671728725 | ||
| 050 | _aML 410 .R693 A3/ | ||
| 100 | _aRorem, Ned | ||
| 245 | 0 | _aKnowing when to stop : a memoir | |
| 260 | _aNew York | ||
| 260 | _bSimon & Schuster | ||
| 260 | _c c1994 | ||
| 300 | _a607 p | ||
| 650 | _a Rorem, Ned, 1923- Composers --United States --Biography | ||
| 942 | _cBK | ||
| 999 |
_c31779 _d31779 |
||